00539nam a2200181Ia 4500003000400000008004100004020001800045040001600063082001900079100001600098245005100114700001900165260007200184300002000256650002400276650003500300650002200335GCL140319s9999 xx 000 0 eng d a977 424 519 9 aGCL / cGCL04aCCb916.2bS M1 aTAREK, ATIA10aMULID ! : bCARNIVALS OF FAITH / cTAREK, ATIA1 aSHERIF, SONBOL aالقاهرة : bTHE AMERICAN UNIVERSITY IN CAIRO PRESS ، c1999 a22 CM ؛ c96 P04aEGYPT - PHOTOGRAPHS04aEGYPT - DESCRIPTION AND TRAVEL04aEGYPT - CARNIVALS